|
|
|
|
| LEADER |
00000naa2a2200000 4500 |
| 001 |
53912 |
| 005 |
20231031050015.0 |
| 035 |
|
|
|a (RuTPU)RU\TPU\book\56509
|
| 035 |
|
|
|a RU\TPU\book\56416
|
| 090 |
|
|
|a 53912
|
| 100 |
|
|
|a 20030626d1996 k y0rusy50 ca
|
| 101 |
0 |
|
|a rus
|
| 102 |
|
|
|a RU
|
| 200 |
1 |
|
|a Ионная имплантация в алюмофосфатные стекла
|f В. А. Стародубцев, Г. В. Потемкин, Т. С. Франгульян
|
| 463 |
|
1 |
|0 (RuTPU)RU\TPU\book\2952
|t IV Всероссийская Конференция по модификации свойств конструкционных материалов пучками заряженных частиц, 13-17 мая 1996 года, г. Томск
|o тезисы докладов
|v С. 385-386
|d 1996
|p 552 с.
|
| 610 |
1 |
|
|a труды учёных ТПУ
|
| 675 |
|
|
|a 539.121.8(063)
|v 3
|
| 675 |
|
|
|a 62(063)
|v 3
|
| 700 |
|
1 |
|a Стародубцев
|b В. А.
|c физик
|c профессор Томского политехнического университета, доктор педагогических наук
|f 1943-
|g Вячеслав Алексеевич
|2 stltpush
|3 (RuTPU)RU\TPU\pers\26939
|
| 701 |
|
1 |
|a Потемкин
|b Г. В.
|c физик
|c старший научный сотрудник Томского политехнического университета, кандидат физико-математических наук
|f 1942-
|g Гелий Валерьянович
|2 stltpush
|3 (RuTPU)RU\TPU\pers\35370
|
| 701 |
|
1 |
|a Франгульян
|b Т. С.
|c специалист в области электроники, диэлектриков и полупроводников
|c ведущий научный сотрудник Томского политехнического университета, кандидат физико-математических наук
|f 1940-
|g Тамара Семёновна
|2 stltpush
|3 (RuTPU)RU\TPU\pers\26534
|
| 801 |
|
1 |
|a RU
|b 63413507
|c 20030624
|g PSBO
|
| 801 |
|
2 |
|a RU
|b 63413507
|c 20160930
|g PSBO
|
| 942 |
|
|
|c BK
|